000 01564nam a22002057a 4500
999 _c7814
_d7814
003 AR-CdUCM
008 190321b ||||| |||| 00| 0 spa d
020 _a84-7069-332-8
040 _aMUNICIPALIDAD PROVINCIAL DEL CUSCO
_cBIBLIOTECA MUNICIPAL DEL CUSCO
082 _aES / 574 /
_bM95
110 _aOceano
_918116
245 _aEl mundo de la biología :
_bCurso teórico practico /
260 _aEspaña :
_bPlacton,
_c1960.
300 _a4 volúmenes ;
_c31 cm.
505 _aContenido :v.1. Signos externos de vida -- El universo celular, tipos de células -- Las membranas celulares, moléculas en movimiento -- Dientes, picos y tentáculos, comedores de partículas -- Circulación de la sangre, el soplo de la vida -- Eliminar o morir, la excreción -- v.2. De la bellota al roble, porque se crece -- La mosca y el elefante -- Correr, nadar, volar, reflejos y voluntad -- Nuevos seres vivos, el sexo de las plantas -- Mutación y evolución, el mensaje de los fósiles -- v.3. Las algas, alimento futuro, parásitos del mundo vegetal -- Los musgos y las hepáticas, los helechos -- Vida simple, los gusanos, esqueleto externo -- Los peces, los anfibios, los reptiles -- Las aves, los mamíferos -- v.4. El material genético, ciclos vitales -- El control glandular, el ojo y la visión -- El gusto y el olfato, cerebro e información -- La vida en comunidad, el lenguaje de los animales -- La vida amenazada, adaptación de la naturaleza ...
650 _aBiología
_9881
650 _aBiología marítima
_922089
942 _2ddc
_cLIBROS
945 _anom